| 000 | 00426nam a2200157 i 4500 | ||
|---|---|---|---|
| 001 | 45209 | ||
| 003 | ES-MaACL | ||
| 005 | 20230906161200.0 | ||
| 007 | t| | ||
| 008 | 030325s1951 sp ||||1| spa d | ||
| 100 | 1 |
_aCobos, José. _939364 |
|
| 245 | 1 | 0 |
_aAntología de recortes de prensa / _cJosé Cobos. |
| 260 |
_aMadrid : _b"Kapitán", _c1951 ( _fSèz) |
||
| 300 |
_a165 p. ; _c19 cm. |
||
| 852 |
_aES-MaACL _jD-5640 _bR.31133 |
||
| 999 |
_c45209 _d45209 |
||